Social Action (Record no. 5812)
[ view plain ]
| 000 -LEADER | |
|---|---|
| fixed length control field | 00359nam a2200133Ia 4500 |
| 022 ## - INTERNATIONAL STANDARD SERIAL NUMBER | |
| ISSN | 0037-7627 |
| 245 #0 - TITLE STATEMENT | |
| Title | Social Action |
| 260 ## - PUBLICATION, DISTRIBUTION, ETC. (IMPRINT) | |
| Name of publisher | Social Action trust |
| Place of publication | New Delhi |
| 500 ## - GENERAL NOTE | |
| General note | Ending Volume & Year: 36, 1986 |
| 500 ## - GENERAL NOTE | |
| General note | Missing Volume: 34 |
| 500 ## - GENERAL NOTE | |
| General note | Starting Volume & Year: 23, 1973 |
| 942 ## - ADDED ENTRY ELEMENTS (KOHA) | |
| Koha item type | Bound Journal |
| Withdrawn status | Lost status | Damaged status | Not for loan | Home library | Current library | Date acquired | Accession Number | Koha item type |
|---|---|---|---|---|---|---|---|---|
| Bound journals | RRII Library | RRII Library | 31/12/2021 | 05793J | Bound Journal |